Statistics for Greta Van Fleet Songs

Click here to take the quiz!

General Stats

  • This quiz has been taken 27 times
    (26 since last reset)
  • The average score is 21 of 45

Answer Stats

HintAnswer% Correct
Heat Above
90%
CoversHighway Tune
90%
From The FiresSafari Song
90%
Black Smoke Rising
81%
Broken Bells
81%
Unreleased SongsFlower Power
81%
Light My Love
81%
The Battle At Garden's GateA Change Is Gonna Come
76%
Age of Machine
76%
Age of Man
76%
The Barbarians
76%
Anthem
71%
Caravel
71%
Anthem of the Peaceful ArmyEdge of Darkness
71%
My Way, Soon
71%
Stardust Chords
71%
Built by Nations
67%
Meet On The Ledge
67%
Rolling In The Deep
67%
The Cold Wind
62%
Mountain of the Sun
57%
Spotify SinglesTalk On The Street
52%
Tears of Rain
52%
Weight of Dreams
52%
You're The One
52%
Brave New World
48%
The New Day
48%
Lover Leaver
43%
Trip The Light Fantastic
43%
Watching Over
43%
Thunderstomp
10%
When The Curtains Fall
10%
Cloud Train
5%
Down to the River
5%
Fast Train Blues
5%
San Francisco
5%
The Jean Genie
5%
Written In Gold
5%
Get You Down
0%
I Got Mine
0%
Motown Funk
0%
Singing In The Rain
0%
Standing On
0%
The Music Is You
0%
Yankee Spring
0%

Score Distribution

Percentile by Number Answered

Percent of People with Each Score

Your Score History

You have not taken this quiz since the last reset